|
|
|
|
| LEADER |
01594nam a2200457Ia 4500 |
| 001 |
EBC459699 |
| 003 |
MiAaPQ |
| 005 |
20200520144314.0 |
| 006 |
m o d | |
| 007 |
cr cn||||||||| |
| 008 |
060717s2006 dcua sb i000 0 eng d |
| 010 |
|
|
|z 2006050462
|
| 020 |
|
|
|z 0821366742
|
| 020 |
|
|
|z 0821366726 (v. 1)
|
| 020 |
|
|
|z 9780821366721
|
| 020 |
|
|
|z 9780821366745
|
| 024 |
3 |
|
|z 9780821366721
|
| 024 |
3 |
|
|z 9780821366745
|
| 035 |
|
|
|a (MiAaPQ)EBC459699
|
| 035 |
|
|
|a (Au-PeEL)EBL459699
|
| 035 |
|
|
|a (CaPaEBR)ebr10137790
|
| 035 |
|
|
|a (CaONFJC)MIL56460
|
| 035 |
|
|
|a (OCoLC)935270877
|
| 040 |
|
|
|a MiAaPQ
|c MiAaPQ
|d MiAaPQ
|
| 050 |
|
4 |
|a HC462.95
|b .A77 2006
|
| 082 |
0 |
4 |
|a 338.952/06
|2 22
|
| 245 |
0 |
0 |
|a Assessment and lessons
|h [electronic resource] /
|c edited by Tsutomu Shibata.
|
| 260 |
|
|
|a Washington, D.C. :
|b World Bank,
|c c2006.
|
| 300 |
|
|
|a xiii, 154 p. :
|b ill.
|
| 490 |
1 |
|
|a WBI development studies
|
| 490 |
0 |
|
|a Japan, moving toward a more advanced knowledge economy ;
|v v.1
|
| 504 |
|
|
|a Includes bibliographical references.
|
| 533 |
|
|
|a Electronic reproduction. Ann Arbor, MI : ProQuest, 2015. Available via World Wide Web. Access may be limited to ProQuest affiliated libraries.
|
| 650 |
|
0 |
|a Economic policy.
|
| 651 |
|
0 |
|a Japan
|x Economic conditions
|y 1989-
|
| 651 |
|
0 |
|a Japan
|x Economic policy
|y 1989-
|
| 655 |
|
4 |
|a Electronic books.
|
| 700 |
1 |
|
|a Shibata, Tsutomu,
|d 1947-
|
| 710 |
2 |
|
|a ProQuest (Firm)
|
| 830 |
|
0 |
|a WBI development studies.
|
| 856 |
4 |
0 |
|u https://ebookcentral.proquest.com/lib/matrademy/detail.action?docID=459699
|z Click to View
|